[Event "Forni di Sopra op 11th"]
[Site "Forni di Sopra"]
[Date "2020.09.29"]
[Round "4"]
[White "Bucher, Grant"]
[Black "Basso, Pier Luigi"]
[Result "0-1"]
[WhiteElo "2119"]
[BlackElo "2603"]
[PlyCount "60"]
[EventDate "2020.09.26"]
[EventType "swiss"]
[EventRounds "9"]
[EventCountry "ITA"]
[SourceTitle "CBM 198 Extra"]
[Source "ChessBase"]
[SourceDate "2020.11.30"]
[SourceVersion "1"]
[SourceVersionDate "2020.11.30"]
[SourceQuality "1"]

1. e4 c6 2. Nc3 d5 3. Nf3 Bg4 4. h3 Bxf3 5. Qxf3 e6 6. d4 dxe4 7. Qxe4 Nf6 8. Qd3 Be7 9. g3 Na6 10. a3 Qb6 11. Bg2 Rd8 12. Be3 Qxb2 13. 0-0 Qb6 14. d5 Nc5 15. Rfb1 Qxb1+ 16. Rxb1 Nxd3 17. dxc6 Nc5 18. cxb7 0-0 19. Bf4 Nxb7 20. Rxb7 Bxa3 21. Rxa7 Bd6 22. Bg5 Be5 23. Bxf6 gxf6 24. Nb5 Rd1+ 25. Bf1 Rc1 26. c4 Rd8 27. Kg2 Rd2 28. Ra3 f5 29. Re3 Bf6 30. Rf3 Rdd1 0-1

[Event "Forni di Sopra op 11th"]
[Site "Forni di Sopra"]
[Date "2020.09.26"]
[Round "1"]
[White "Valsecchi, Alessio"]
[Black "Bucher, Grant"]
[Result "1-0"]
[WhiteElo "2491"]
[BlackElo "2119"]
[PlyCount "79"]
[EventDate "2020.09.26"]
[EventType "swiss"]
[EventRounds "9"]
[EventCountry "ITA"]
[SourceTitle "CBM 198 Extra"]
[Source "ChessBase"]
[SourceDate "2020.11.30"]
[SourceVersion "1"]
[SourceVersionDate "2020.11.30"]
[SourceQuality "1"]

1. d4 d5 2. c4 e6 3. Nc3 c6 4. e3 f5 5. Bd3 Nf6 6. Qc2 Bd6 7. Nge2 Ne4 8. 0-0 Qh4 9. g3 Qd8 10. f3 Nxc3 11. bxc3 0-0 12. Bd2 c5 13. e4 dxc4 14. Bxc4 cxd4 15. cxd4 Kh8 16. e5 Bc7 17. Rad1 Nc6 18. Kh1 Na5 19. Bxa5 Bxa5 20. d5 exd5 21. Rxd5 Qc7 22. Nf4 b5 23. Rxb5 Ba6 24. Ne6 Qc6 25. Rxa5 Qxc4 26. Qxc4 Bxc4 27. Nxf8 Bxf1 28. Nd7 a6 29. a4 Rd8 30. e6 g6 31. Rc5 Re8 32. Rc6 Kg7 33. Kg1 Bd3 34. f4 a5 35. Kf2 Be4 36. Ra6 Bd5 37. Nc5 Kf6 38. Ke3 Bc4 39. Rxa5 Bxe6 40. Ra6 1-0

[Event "BCF-chT2a 1718 (4NCL)"]
[Site "England"]
[Date "2018.03.17"]
[Round "7.47"]
[White "Murphy, Hugh"]
[Black "Bucher, Grant"]
[Result "1/2-1/2"]
[WhiteElo "2096"]
[BlackElo "2121"]
[PlyCount "74"]
[EventDate "2017.11.11"]
[EventType "team-tourn"]
[EventRounds "7"]
[EventCountry "ENG"]
[SourceTitle "EXT 2020"]
[Source "ChessBase"]
[SourceDate "2019.10.17"]
[SourceVersion "1"]
[SourceVersionDate "2019.10.17"]
[SourceQuality "1"]
[WhiteTeam "Grantham Sharks II"]
[BlackTeam "Sussex Martlets"]
[WhiteTeamCountry "ENG"]
[BlackTeamCountry "ENG"]

1. d4 Nf6 2. Nf3 g6 3. Bg5 Bg7 4. Nbd2 d5 5. e3 0-0 6. Be2 c5 7. c3 Nbd7 8. 0-0 Re8 9. a4 a5 10. Bb5 b6 11. Qe2 Bb7 12. Ne5 Rf8 13. f4 Nxe5 14. fxe5 Nd7 15. Qg4 Nb8 16. Qh4 f6 17. Bh6 Bxh6 18. Qxh6 Ba6 19. Rf3 e6 20. Rxf6 Rxf6 21. exf6 Qxf6 22. Rf1 Qe7 23. Bxa6 Nxa6 24. Nf3 Rf8 25. Ne5 Rxf1+ 26. Kxf1 Nb8 27. Ke2 Nd7 28. Qf4 Nxe5 29. Qxe5 Kf7 30. g3 Qd7 31. Qh8 Qxa4 32. Qxh7+ Kf6 33. Qh4+ Kf7 34. Qf4+ Ke8 35. Qb8+ Ke7 36. Qc7+ Ke8 37. Kd2 Qb5 1/2-1/2

[Event "BCF-chT2a 1718 (4NCL)"]
[Site "England"]
[Date "2018.01.14"]
[Round "4.26"]
[White "Okike, David"]
[Black "Bucher, Grant"]
[Result "1-0"]
[WhiteElo "2198"]
[BlackElo "2128"]
[PlyCount "67"]
[EventDate "2017.11.11"]
[EventType "team-tourn"]
[EventRounds "7"]
[EventCountry "ENG"]
[SourceTitle "EXT 2020"]
[Source "ChessBase"]
[SourceDate "2019.10.17"]
[SourceVersion "1"]
[SourceVersionDate "2019.10.17"]
[SourceQuality "1"]
[WhiteTeam "Kings Head"]
[BlackTeam "Sussex Martlets"]
[WhiteTeamCountry "ENG"]
[BlackTeamCountry "ENG"]

1. e4 Nf6 2. e5 Nd5 3. Nf3 d6 4. d4 g6 5. Bc4 c6 6. 0-0 Bg7 7. Re1 0-0 8. h3 dxe5 9. dxe5 Na6 10. a3 Nac7 11. Qe2 Nb6 12. Rd1 Qe8 13. Bd3 Be6 14. c4 Bd7 15. Nc3 Qc8 16. Be3 c5 17. Nd5 Re8 18. Rac1 Bc6 19. b4 Ncxd5 20. cxd5 Nxd5 21. bxc5 Rd8 22. Bb5 Qc7 23. Re1 Bxe5 24. Nxe5 Qxe5 25. Qc2 Rac8 26. f4 Nxf4 27. Bxf4 Qxf4 28. Rxe7 Qg5 29. Re2 b6 30. Qd2 Qxd2 31. Rxd2 Ba8 32. Rxd8+ Rxd8 33. c6 Rc8 34. c7 1-0

[Event "Dundee & Angus op"]
[Site "Dundee"]
[Date "2016.10.09"]
[Round "4"]
[White "Bucher, Grant"]
[Black "Cooke, Mark1111"]
[Result "1-0"]
[WhiteElo "1887"]
[BlackElo "1949"]
[PlyCount "95"]
[EventDate "2016.10.07"]
[EventType "swiss"]
[EventRounds "5"]
[EventCountry "SCO"]
[SourceTitle "EXT 2023"]
[Source "ChessBase"]
[SourceDate "2022.10.05"]
[SourceVersion "1"]
[SourceVersionDate "2022.10.05"]
[SourceQuality "1"]

1. e4 d5 2. exd5 Nf6 3. Bb5+ Nbd7 4. c4 a6 5. Ba4 b5 6. cxb5 Nxd5 7. Nc3 N5b6 8. Bb3 e6 9. d4 Nf6 10. Nf3 axb5 11. 0-0 Be7 12. Re1 0-0 13. Nxb5 Bb7 14. Be3 Nbd5 15. Rc1 Ba6 16. Nc3 Bb4 17. Ne5 Bb7 18. Bg5 Qd6 19. Nd3 Nxc3 20. bxc3 Ba3 21. Rc2 Ra5 22. Bf4 Qc6 23. f3 Nd5 24. Ne5 Qa6 25. Bc1 Bxc1 26. Qxc1 Qa7 27. Kh1 c5 28. dxc5 Qxc5 29. Nd7 Qe7 30. Nxf8 Qh4 31. Bxd5 Rxd5 32. Re4 Qd8 33. Rd4 Kxf8 34. Rxd5 Qxd5 35. Rd2 Qc6 36. Qa3+ Ke8 37. Qd6 Qxd6 38. Rxd6 h5 39. Kg1 g6 40. Kf2 Ke7 41. Rd2 e5 42. Ke3 Ke6 43. a4 f5 44. c4 f4+ 45. Kd3 Kd6 46. Kc3+ Kc5 47. Re2 Kd6 48. Kb4 1-0

[Event "BCF-chT1d 1516 (4NCL) Demotion pool"]
[Site "England"]
[Date "2016.05.01"]
[Round "10.174"]
[White "Ivell, Nicholas W"]
[Black "Bucher, Grant"]
[Result "1/2-1/2"]
[WhiteElo "2244"]
[BlackElo "2138"]
[PlyCount "79"]
[EventDate "2015.11.14"]
[EventType "team-tourn"]
[EventRounds "4"]
[EventCountry "ENG"]
[SourceTitle "EXT 2017"]
[Source "ChessBase"]
[SourceDate "2016.10.25"]
[SourceVersion "1"]
[SourceVersionDate "2016.10.25"]
[SourceQuality "1"]
[WhiteTeam "Spirit of Atticus"]
[BlackTeam "Sussex Martlets"]
[WhiteTeamCountry "ENG"]
[BlackTeamCountry "ENG"]

1. e4 e5 2. Bc4 Nf6 3. d3 Nc6 4. Nf3 Be7 5. c3 d6 6. 0-0 0-0 7. Bb3 h6 8. Re1 Re8 9. Nbd2 Bf8 10. Nf1 Na5 11. Bc2 c5 12. d4 Qc7 13. d5 b5 14. b3 Bd7 15. Ng3 Nb7 16. c4 Reb8 17. Qd3 b4 18. h3 Be7 19. Nh2 Nh7 20. a4 Bg5 21. Bb2 Bf4 22. Ne2 Bxh2+ 23. Kxh2 Rf8 24. Ng3 Rae8 25. Rf1 f6 26. f4 Rf7 27. Bd1 Nf8 28. Bh5 g6 29. Be2 Rb8 30. Rf2 Nh7 31. Raf1 Rbf8 32. Qe3 g5 33. fxg5 fxg5 34. Bh5 Rxf2 35. Rxf2 Qd8 36. Bg6 Rf6 37. Bf5 Bxf5 38. Nxf5 Qf8 39. Qf3 Kh8 40. Bc1 1/2-1/2

[Event "BCF-chT2c 1415 (4NCL)"]
[Site "England"]
[Date "2015.05.03"]
[Round "10.224"]
[White "Brett, Andrew"]
[Black "Bucher, Grant"]
[Result "1/2-1/2"]
[WhiteElo "2110"]
[BlackElo "2132"]
[PlyCount "64"]
[EventDate "2015.03.29"]
[EventType "team-tourn"]
[EventRounds "11"]
[EventCountry "ENG"]
[SourceTitle "EXT 2016"]
[Source "ChessBase"]
[SourceDate "2015.10.08"]
[SourceVersion "1"]
[SourceVersionDate "2015.10.08"]
[SourceQuality "1"]
[WhiteTeam "Barbican Youth"]
[BlackTeam "Sussex Martlets"]
[WhiteTeamCountry "ENG"]
[BlackTeamCountry "ENG"]

1. e4 e5 2. Nf3 Nc6 3. Bb5 a6 4. Ba4 Nf6 5. 0-0 b5 6. Bb3 Bc5 7. c3 d6 8. d4 Bb6 9. a4 Bb7 10. Re1 0-0 11. Bg5 h6 12. Bxf6 Qxf6 13. Bd5 Rab8 14. axb5 axb5 15. Na3 exd4 16. Bxc6 Bxc6 17. cxd4 Rfe8 18. Qd3 Qf4 19. d5 Bd7 20. g3 Qf6 21. Nc2 Bg4 22. Nfd4 Ra8 23. Kg2 Bd7 24. f3 Qe5 25. f4 Qh5 26. f5 Rxa1 27. Rxa1 Qg4 28. Re1 g6 29. h3 Qh5 30. Rf1 gxf5 31. Nxf5 Re5 32. g4 Qg5 1/2-1/2

[Event "Reykjavik op"]
[Site "Reykjavik"]
[Date "2015.03.18"]
[Round "10"]
[White "Vuilleumier, Alexandre"]
[Black "Bucher, Grant"]
[Result "1-0"]
[WhiteElo "2349"]
[BlackElo "2087"]
[PlyCount "35"]
[EventDate "2015.03.10"]
[EventType "swiss"]
[EventRounds "10"]
[EventCountry "ISL"]
[SourceTitle "CBM 165 Extra"]
[Source "ChessBase"]
[SourceDate "2015.04.21"]
[SourceVersion "1"]
[SourceVersionDate "2015.04.21"]
[SourceQuality "1"]

1. d4 Nf6 2. Bg5 Ne4 3. Bf4 d5 4. Nd2 Nf6 5. Ngf3 g6 6. h3 Bg7 7. e3 0-0 8. Be2 c5 9. c3 Nbd7 10. 0-0 Re8 11. b4 Ne4 12. Rc1 cxb4 13. cxb4 Qb6 14. Nxe4 dxe4 15. Ng5 Nf6 16. Qb3 Be6 17. Nxe6 Qxe6 18. Bc4 1-0

[Event "Reykjavik op"]
[Site "Reykjavik"]
[Date "2015.03.17"]
[Round "9"]
[White "Bucher, Grant"]
[Black "Movsesian, Julia"]
[Result "1-0"]
[WhiteElo "2087"]
[BlackElo "2288"]
[PlyCount "79"]
[EventDate "2015.03.10"]
[EventType "swiss"]
[EventRounds "10"]
[EventCountry "ISL"]
[SourceTitle "CBM 165 Extra"]
[Source "ChessBase"]
[SourceDate "2015.04.21"]
[SourceVersion "1"]
[SourceVersionDate "2015.04.21"]
[SourceQuality "1"]

1. e4 c5 2. f4 Nc6 3. Nf3 g6 4. Bb5 Bg7 5. Bxc6 bxc6 6. d3 Rb8 7. Nc3 d6 8. 0-0 Nf6 9. Qe1 e6 10. e5 Ng4 11. h3 Nh6 12. Ne4 Nf5 13. g4 d5 14. gxf5 dxe4 15. Qxe4 exf5 16. Qxc6+ Bd7 17. Qxc5 Rc8 18. Qf2 Bc6 19. Qe2 0-0 20. Be3 Qc7 21. c3 Rfe8 22. d4 Bd5 23. Rfc1 f6 24. b3 fxe5 25. Nxe5 g5 26. c4 Bb7 27. Qf2 Be4 28. Kh2 g4 29. hxg4 fxg4 30. Rg1 h5 31. Qh4 Re6 32. Qg5 Rf8 33. Qh4 Rf5 34. Raf1 Bf6 35. Qe1 Bb7 36. Qb1 Rfxe5 37. fxe5 Bxe5+ 38. dxe5 Qxe5+ 39. Bf4 Qe2+ 40. Kg3 1-0

[Event "Reykjavik op"]
[Site "Reykjavik"]
[Date "2015.03.15"]
[Round "7"]
[White "Bucher, Grant"]
[Black "Haug, Johannes"]
[Result "1/2-1/2"]
[WhiteElo "2087"]
[BlackElo "2339"]
[PlyCount "142"]
[EventDate "2015.03.10"]
[EventType "swiss"]
[EventRounds "10"]
[EventCountry "ISL"]
[SourceTitle "CBM 165 Extra"]
[Source "ChessBase"]
[SourceDate "2015.04.21"]
[SourceVersion "1"]
[SourceVersionDate "2015.04.21"]
[SourceQuality "1"]

1. e4 e6 2. d4 d5 3. Nc3 Nf6 4. e5 Nfd7 5. f4 c5 6. Nf3 Nc6 7. Ne2 f6 8. c3 Qb6 9. g3 cxd4 10. Nexd4 Nc5 11. Bh3 Bd7 12. Qe2 Nxd4 13. Nxd4 Be7 14. 0-0 0-0 15. Be3 fxe5 16. fxe5 a5 17. Rf4 Qa6 18. Rxf8+ Bxf8 19. Qg4 Qd3 20. Bg5 Qg6 21. Be3 Qxg4 22. Bxg4 Re8 23. Rd1 g6 24. Kg2 b6 25. Nb3 a4 26. Nc1 Bc8 27. Bd4 Ba6 28. Ne2 h5 29. Bf3 Bc4 30. a3 Bh6 31. g4 h4 32. Bf2 Bg5 33. Nc1 Kg7 34. h3 Rb8 35. Bd4 Bxc1 36. Rxc1 Nd3 37. Rb1 Ba2 38. Rd1 Bc4 39. Rd2 Rf8 40. Bd1 b5 41. Bf2 g5 42. Bc2 Nf4+ 43. Kh2 Bd3 44. Bc5 Rc8 45. Bxd3 Nxd3 46. Rxd3 Rxc5 47. Rd4 Kf7 48. Kg2 Ke7 49. Kf2 Rc4 50. Ke3 Kd7 51. Kd2 Kc6 52. Ke3 Kb6 53. Kd2 Rc7 54. Ke2 Kc5 55. Rb4 Rf7 56. Rd4 Rd7 57. Ke3 Rd8 58. Ke2 Rf8 59. Rb4 Rf7 60. Rd4 Kb6 61. Rb4 Rc7 62. Rd4 Rc4 63. Ke3 Kc6 64. Kd2 Kb6 65. Ke3 Ka5 66. Kd2 Rxd4+ 67. cxd4 b4 68. Kc2 Kb5 69. Kd3 Ka5 70. Kc2 b3+ 71. Kc3 Kb5 1/2-1/2

[Event "Reykjavik op"]
[Site "Reykjavik"]
[Date "2015.03.13"]
[Round "5"]
[White "Bucher, Grant"]
[Black "Thorhallsson, Throstur"]
[Result "1/2-1/2"]
[WhiteElo "2087"]
[BlackElo "2428"]
[PlyCount "47"]
[EventDate "2015.03.10"]
[EventType "swiss"]
[EventRounds "10"]
[EventCountry "ISL"]
[SourceTitle "CBM 165 Extra"]
[Source "ChessBase"]
[SourceDate "2015.04.21"]
[SourceVersion "1"]
[SourceVersionDate "2015.04.21"]
[SourceQuality "1"]

1. e4 c5 2. f4 d5 3. exd5 Nf6 4. Bb5+ Bd7 5. Bxd7+ Qxd7 6. c4 e6 7. Qe2 Bd6 8. dxe6 fxe6 9. d3 Nc6 10. Nf3 0-0 11. 0-0 Rae8 12. Nc3 e5 13. f5 Qxf5 14. Bg5 Qg6 15. Bxf6 Rxf6 16. Nd5 Rff8 17. Rae1 Qh5 18. Qe4 Rf7 19. Qh4 Qg6 20. Qe4 Qh5 21. Qh4 Qg6 22. Qe4 Qh5 23. Qe3 Qg6 24. Qe4 1/2-1/2

[Event "BCF-chT2a 1415 (4NCL)"]
[Site "England"]
[Date "2015.02.14"]
[Round "5.244"]
[White "Trevelyan, John"]
[Black "Bucher, Grant"]
[Result "0-1"]
[WhiteElo "2125"]
[BlackElo "2078"]
[PlyCount "44"]
[EventDate "2014.11.15"]
[EventType "team-tourn"]
[EventRounds "7"]
[EventCountry "ENG"]
[SourceTitle "EXT 2016"]
[Source "ChessBase"]
[SourceDate "2015.10.08"]
[SourceVersion "1"]
[SourceVersionDate "2015.10.08"]
[SourceQuality "1"]
[WhiteTeam "Rhyfelwyr Essyllwg"]
[BlackTeam "Sussex Martlets"]
[WhiteTeamCountry "ENG"]
[BlackTeamCountry "ENG"]

1. e4 e5 2. Nf3 Nc6 3. Bb5 a6 4. Bxc6 dxc6 5. d4 exd4 6. Qxd4 Bg4 7. Qxd8+ Rxd8 8. Nbd2 Bb4 9. c3 Bc5 10. Ne5 Be6 11. Ke2 Ne7 12. Nd3 Bb6 13. b3 0-0 14. Bb2 Ng6 15. g3 f5 16. e5 f4 17. f3 Bf5 18. Nxf4 Nxf4+ 19. gxf4 Bd3+ 20. Ke1 Rxf4 21. Nc4 Bxc4 22. bxc4 Rxf3 0-1